|
|
|
|
| LEADER |
02110nam a2200349 u 4500 |
| 001 |
10108608 |
| 003 |
upatras |
| 005 |
20210117204509.0 |
| 008 |
130225s2012 gr eng |
| 040 |
|
|
|a GR-PaULI
|c GR-PaULI
|
| 041 |
0 |
|
|a eng
|
| 082 |
0 |
4 |
|a 612.760 846
|
| 084 |
|
|
|a WT 100
|
| 100 |
1 |
|
|a Καραγεώργου, Μαρία-Αργυρώ Ε.
|4 aut
|9 131103
|
| 245 |
1 |
0 |
|a Contribution to the determination of locomotive impairments and associated fall risk level in the ageing community
|c Maria-Argyro E. Karageorgou; University of Patras, School of Medicine, National Technical University of Athens, School of Electrical and Computer Engineering, School of Mechanical Engineering
|
| 300 |
|
|
|a 95 σ.
|b έγχ. εικ.
|c 30 εκ.
|
| 500 |
|
|
|a European postgraduate programme on biomedical engineering
|
| 504 |
|
|
|a Περιλαμβάνει βιβλιογραφία
|
| 650 |
|
4 |
|a Γηριατρική
|9 31149
|
| 650 |
|
4 |
|a Μυοσκελετικό σύστημα
|x Κινητική
|9 31822
|
| 650 |
|
4 |
|a Ηλικιωμένοι
|x Υγεία και υγιεινή
|9 57415
|
| 650 |
|
4 |
|a Γήρανση
|x Φυσιολογία
|9 131104
|
| 650 |
|
4 |
|a Κινητικές διαταραχές
|9 82428
|
| 710 |
2 |
|
|9 2771
|a Πανεπιστήμιο Πατρών
|b Σχολή Επιστημών Υγείας
|b Τμήμα Ιατρικής
|e Σχολή Επιστημών Υγείας
|e Τμήμα Ιατρικής
|
| 852 |
|
|
|a GR-PaULI
|b ΠΑΤΡΑ
|b ΒΚΠ
|b ΑΝΕ
|k ΔΙΑΤΡΙΒΗ
|h 612.760 846 ΚΑΡ
|m 109711
|p 025000206934
|t 2
|
| 852 |
|
|
|a GR-PaULI
|b ΠΑΤΡΑ
|b ΙΑΤΡΙΚΗ
|k ΔΙΑΤΡΙΒΗ-10
|h WT 100 KAR
|m Δ/001342
|p 025000204236
|t 1
|
| 856 |
|
0 |
|u http://hdl.handle.net/10889/5445
|
| 942 |
|
|
|2 ddc
|c BKTD
|
| 952 |
|
|
|0 0
|1 0
|4 0
|6 612_760000000000000_846_ΚΑΡ
|7 0
|9 147646
|a LISP
|b LISP
|c RES
|d 2016-04-24
|i 109711
|l 0
|o 612.760 846 ΚΑΡ
|p 025000206934
|r 2016-04-24 00:00:00
|t 2
|w 2016-04-24
|y BKTD
|
| 952 |
|
|
|0 0
|1 0
|4 0
|6 WT_100_000000000000000_KAR
|7 0
|9 147647
|a MEDI
|b MEDI
|d 2016-04-24
|i Δ/001342
|l 0
|o WT 100 KAR
|p 025000204236
|r 2016-04-24 00:00:00
|t 1
|w 2016-04-24
|y BKTD
|
| 998 |
|
|
|c ΜΑΝΙΑΚΗ
|d 2013-02
|
| 999 |
|
|
|c 95904
|d 95904
|